Biblioteca
Vista normal Vista MARC
  • Vida urbana

Entrada Tema o Materia

Número de registros utilizados en: 3

001 - NUMERO DE CONTROL

  • Campo de control: 188

003 - IDENTIFICADOR DEL NUMERO DE CONTROL

  • Campo de control: CO-MdFUSB

005 - HORA Y FECHA DE LA ULTIMA TRANSACCIÓN

  • Campo de control: 20160725154539.0

008 - CAMPO DE LONGITUD FIJA

  • Campo fijo de descripción fija: 000504dn anznnbabn||||||||| a ana d

040 ## -

  • : CO-MdFUSB
  • : CO-MdFUSB

150 ## - ENCABEZAMIENTO DE MATERIA-TEMA

  • Téma o Materia: Vida urbana

450 ## - REFERENCIA DE ENVIO “VEASE” - MATERIA

  • Encabezamiento temático : Ciudades
  • Subdivisión general: Vida

450 ## - REFERENCIA DE ENVIO “VEASE” - MATERIA

  • Encabezamiento temático : Vida en las ciudades

450 ## - REFERENCIA DE ENVIO “VEASE” - MATERIA

  • Encabezamiento temático : City and town life

550 ## - REFERENCIA DE ENVIO "VEASE ADEMAS" - MATERIA

  • Subcampo de control: g
  • Encabezamiento temático o nombre geográfico como elemento de entrada: Sociología urbana

550 ## - REFERENCIA DE ENVIO "VEASE ADEMAS" - MATERIA

  • Subcampo de control: h
  • Encabezamiento temático o nombre geográfico como elemento de entrada: Vida en las calles

550 ## - REFERENCIA DE ENVIO "VEASE ADEMAS" - MATERIA

  • Subcampo de control: h
  • Encabezamiento temático o nombre geográfico como elemento de entrada: Política urbana

670 ## - FUENTE EN LA QUE SE LOCALIZARON DATOS

  • Cita de la fuente : LC auth. en línea (13/12/12)
  • Información localizada : City and town life

670 ## - FUENTE EN LA QUE SE LOCALIZARON DATOS

  • Cita de la fuente : BNF aut. en línea (13/12/12)
  • Información localizada : Vie urbaine

670 ## - FUENTE EN LA QUE SE LOCALIZARON DATOS

  • Cita de la fuente : BNE aut. en línea (13/12/12)

670 ## - FUENTE EN LA QUE SE LOCALIZARON DATOS

  • Cita de la fuente : LEMB Digital, 13 enero 2010
  • Información localizada : (Vida urbana)

670 ## - FUENTE EN LA QUE SE LOCALIZARON DATOS

  • Cita de la fuente : Biblioteca del Congreso (Estados Unidos), 13 enero 2010
  • Información localizada : catálogo electrónico (City and town life)

670 ## - FUENTE EN LA QUE SE LOCALIZARON DATOS

  • Cita de la fuente : Universidad nacional Autónoma de México
  • Información localizada : catálogo electrónico.

750 #7 - ASIENTO LIGADO AL ENCABEZAMIENTO - TEMATICO

  • Encabezamiento temático : City and town life
  • Número de control del registro: sh 85026255

750 #7 - ASIENTO LIGADO AL ENCABEZAMIENTO - TEMATICO

  • Encabezamiento temático : Vie urbaine

Biblioteca FUSBC | Teléfono: (57+4) 349 88 10 Ext. 141| WhatsApp (+57) 3005338115 
E-mail: biblioteca@unisbc.edu.co | Calle 76 87-14 Robledo Palenque, Medellín, Colombia

Con tecnología Koha